| 000 | 00667nam a22001935i 4500 | ||
|---|---|---|---|
| 001 | 54086 | ||
| 003 | ES-MaACL | ||
| 005 | 20250912063039.0 | ||
| 007 | t| | ||
| 008 | 960710s1895 it ||||1| ita d | ||
| 040 |
_aCAM _bspa _cCAM |
||
| 100 | 1 |
_aFerri, Enrico, _d1856-1929 _950564 |
|
| 245 | 1 | 2 |
_aL'omicidio nell'antropologia criminale (omicida nato e omicida criminale) _b: con atlante antropologico-statistico / _cEnrico Ferri. |
| 260 |
_aTorino : _bFratelli Bocca editori, _c1895 ( _fStabilimento tipografico Vicenzo Bona) |
||
| 300 |
_aVIII, 789 p. ; _c24 cm. |
||
| 650 | 0 | 4 |
_aHomicidio. _913467 |
| 852 |
_aES-MaACL _jF-9970 |
||
| 999 |
_c54086 _d54086 |
||